El dolor de cabeza (Record no. 80071)

MARC details
000 -LEADER
campo de control de longitud fija 00770nam a2200229 i 4500
001 - NÚMERO DE CONTROL
campo de control 80071
003 - IDENTIFICADOR DE NÚMERO DE CONTROL
campo de control ES-MaACL
005 - FECHA Y HORA DE LA ÚLTIMA TRANSACCIÓN
campo de control 20230906174125.0
007 - CAMPO FIJO DE DESCRIPCIÓN FÍSICA--INFORMACIÓN GENERAL
campo de control de longitud fija t|
008 - DATOS DE LONGITUD FIJA--INFORMACIÓN GENERAL
campo de control de longitud fija 041026s1977 sp ||||1| spa d
100 1# - ENTRADA PRINCIPAL--NOMBRE DE PERSONA
Nombre de persona Heyck, H.
9 (RLIN) 63518
245 13 - MENCIÓN DEL TÍTULO
Título El dolor de cabeza
Resto del título : diagnóstico diferencial, patogénesis y terapia en la praxis /
Mención de responsabilidad, etc. H. Heyck ; prólogo de H. Krayenbühl ; versión de J. Zarco-Weidner.
250 ## - MENCION DE EDICION
Mención de edición [1ª ed.].
260 ## - PUBLICACIÓN, DISTRIBUCIÓN, ETC.
Lugar de publicación, distribución, etc. [Madrid] :
Nombre del editor, distribuidor, etc. Alhambra,
Fecha de publicación, distribución, etc. [1977]
300 ## - DESCRIPCIÓN FÍSICA
Extensión XII, 315 p. :
Otras características físicas il. ;
Dimensiones 21 cm.
490 1# - MENCIÓN DE SERIE
Mención de serie Temas selectos de medicina
700 1# - ENTRADA AGREGADA--NOMBRE PERSONAL
Nombre de persona Krayenbühl, H.
9 (RLIN) 68781
700 1# - ENTRADA AGREGADA--NOMBRE PERSONAL
Nombre de persona Zarco-Weidner, J.
9 (RLIN) 118068
830 0# - PUNTO DE ACCESO ADICIONAL DE SERIE-TÍTULO UNIFORME
Título uniforme Temas selectos de medicina
9 (RLIN) 231474
852 ## - LOCALIZACIÓN
Ubicación ES-MaACL
Número de control de estantería A-6905
Sublocalización o colección R.96319
Holdings
Estatus retirado Estado de pérdida Estado de daño No para préstamo Biblioteca de origen Biblioteca actual Ubicación en estantería Fecha de adquisición Fuente de adquisición Total de préstamos Signatura topográfica completa Código de barras Visto por última vez Precio de reemplazo Tipo de ítem Koha
        Biblioteca del Ateneo de Madrid Biblioteca del Ateneo de Madrid Sala Pecera Planta 1 17/01/2008     A-6905 1083718 23/02/2023 23/02/2023 Libro impreso